000 00614nam a2200253Ia 4500
005 20260306154414.0
008 008 260114s9999 xx 000 0 eng d
020 _a9780511852077
037 _aEBOOK
040 _aCRL
040 _beng
040 _cCRL
041 _2eng
041 _aeng
084 _qCRL
100 _aTalwar/Harris/Schleifer
_91127492
245 0 _aChildren's Understanding of Death
260 _bCambridge University Press
260 _c2011
650 _a Psychology
856 _uhttps://doi.org/10.1017/CBO9780511852077
942 _cEBOOK
999 _c1707390
_d1707390